Abrirán las grandes Alamedas: discursos

Сохранить в:
Библиографические подробности
Главный автор: Allende G., Salvador
Формат:
Язык:Undetermined
Опубликовано: Santiago, Chile LOM Ediciones 2003
Предметы:
Метки: Добавить метку
Нет меток, Требуется 1-ая метка записи!

MARC

LEADER 00000nam a2200000Ia 4500
008 170316s9999 xx 000 0 und d
040 |a cru BVZT 
090 |a 860 A-13.1a 
100 |a Allende G., Salvador  |9 995 
245 |a Abrirán las grandes Alamedas: discursos  |c / Salvador Allende G. 
260 |a Santiago, Chile  |b LOM Ediciones  |c 2003 
300 |a 77 páginas 
650 |a LITERATURA LATINOAMERICANA  |9 15 
650 |a SALVADOR ALLENDE  |9 996 
650 |a DISCURSOS  |9 997 
999 |c 8293  |d 8293 
942 |c 15 D  |h 860 A-13.1a  |2 z